Normal view
MARC view
Entry Personal Name
001 - CONTROL NUMBER
- control field: 6302
003 - CONTROL NUMBER IDENTIFIER
- control field: OSt
005 - DATE AND TIME OF LATEST TRANSACTION
- control field: 20190617063133.0
008 - FIXED-LENGTH DATA ELEMENTS
- fixed length control field: 190617|| aca||aabn | a|a d
040 ## - CATALOGING SOURCE
- Original cataloging agency: OSt
- Transcribing agency: OSt
100 ## - HEADING--PERSONAL NAME
- Personal name: Jarmin, Ron S.
670 ## - SOURCE DATA FOUND
- Source citation: Work cat.: (OSt)509834: Jarmin, Ron S., Evolving measurement for an evolving economy: thoughts on 21st century US economic statistics, 2019
